MARC details
| 000 -CABECERA |
| campo de control de longitud fija |
00966nam a2200229 a 4500 |
| 001 - NÚMERO DE CONTROL |
| campo de control |
000041163 |
| 005 - FECHA Y HORA DE LA ÚLTIMA TRANSACCIÓN |
| campo de control |
20201002034654.0 |
| 008 - DATOS DE LONGITUD FIJA--INFORMACIÓN GENERAL |
| campo de control de longitud fija |
130920s1990 sp 000 0 spa d |
| 020 ## - NÚMERO INTERNACIONAL ESTÁNDAR DEL LIBRO |
| Número Internacional Estándar del Libro |
8400070569 |
| 040 ## - FUENTE DE LA CATALOGACIÓN |
| Centro catalogador/agencia de origen |
DO-SdBNP |
| Lengua de catalogación |
spa |
| Centro/agencia transcriptor |
BNPHU |
| 245 03 - MENCIÓN DE TÍTULO |
| Título |
La ciencia y su público : |
| Resto del título |
Perspectivas históricas / |
| Mención de responsabilidad, etc. |
compiladores Javier Ordóñez ; Alberto Elena ; traductores Mariano Colubi...[et.al]. |
| 260 ## - PUBLICACIÓN, DISTRIBUCIÓN, ETC. |
| Lugar de publicación, distribución, etc. |
Madrid : |
| Nombre del editor, distribuidor, etc. |
Consejo Superior de Investigaciones Científicas, |
| Fecha de publicación, distribución, etc. |
1990. |
| 300 ## - DESCRIPCIÓN FÍSICA |
| Extensión |
XV, 443 p. : |
| Otras características físicas |
il. ; |
| Dimensiones |
22 cm. |
| 490 1# - MENCIÓN DE SERIE |
| Mención de serie |
Estudios sobre la ciencia |
| Designación de volumen o secuencia |
12 |
| 504 ## - NOTA DE BIBLIOGRAFÍA, ETC. |
| Nota de bibliografía, etc. |
Bibliografía : p. 442-443 |
| 504 ## - NOTA DE BIBLIOGRAFÍA, ETC. |
| Nota de bibliografía, etc. |
Incluye referencias bibliográficas y notas al pie de las páginas |
| 700 1# - PUNTO DE ACCESO ADICIONAL--NOMBRE DE PERSONA |
| Nombre de persona |
Ordóñez, Javier Odón, |
| Término indicativo de función/relación |
comp. |
| 9 (RLIN) |
67716 |
| 700 1# - PUNTO DE ACCESO ADICIONAL--NOMBRE DE PERSONA |
| Nombre de persona |
aElena, Alberto |
| Fechas asociadas al nombre |
1958- |
| Término indicativo de función/relación |
comp. |
| 9 (RLIN) |
67717 |
| 700 1# - PUNTO DE ACCESO ADICIONAL--NOMBRE DE PERSONA |
| Nombre de persona |
Colubi, Mariano |
| Término indicativo de función/relación |
tr. |
| 9 (RLIN) |
67718 |
| 710 2# - PUNTO DE ACCESO ADICIONAL--NOMBRE DE ENTIDAD CORPORATIVA |
| Nombre de entidad corporativa o nombre de jurisdicción como elemento de entrada |
Consejo Superior de Investigaciones Científicas(España) |
| 9 (RLIN) |
67719 |
| 830 #0 - PUNTO DE ACCESO ADICIONAL DE SERIE-TÍTULO UNIFORME |
| Título uniforme |
Estudios sobre la ciencia |
| Designación de volumen o secuencia |
12 |
| 9 (RLIN) |
38739 |